| 000 | 00514nam a2200181 i 4500 | ||
|---|---|---|---|
| 001 | 55764 | ||
| 003 | ES-MaACL | ||
| 005 | 20230906163220.0 | ||
| 007 | t| | ||
| 008 | 030926s1969 sp ||||1| spa d | ||
| 100 | 1 |
_aDewart, Leslie. _944036 |
|
| 245 | 1 | 3 |
_aEl futuro de la fé / _cLeslie Dewart ; [versión de José Luis Lana]. |
| 250 | _a[1ª ed.]. | ||
| 260 |
_aBarcelona : _bNova Terra, _c[1969] |
||
| 300 |
_a281 p. ; _c20 cm. |
||
| 700 | 1 |
_aLana, José Luis. _969884 |
|
| 852 |
_aES-MaACL _jC-39529 _bR.70932 |
||
| 999 |
_c55764 _d55764 |
||